[Event "Eq:au plaisir du jeux -Les enfants de l Atlantide :"]
[Site "www.echecsemail.com"]
[Date "2026.02.08"]
[Round "1"]
[White "Harvir"]
[Black "Mequinho"]
[WhiteElo "1990"]
[BlackElo "1910"]
[Result "1-0"]
1.c4 Ng8f6
2.Nb1c3 e6
3.d4 c5
4.Ng1f3 cxd4
5.Nf3xd4 Bf8b4
6.Qd1b3 Qd8a5
7.Bc1d2 O-O
8.e3 d5
9.a3 Bb4xc3
10.Bd2xc3 Qa5c7
11.Nd4b5 Qc7d8
12.Bc3b4 Nb8c6
13.Bb4xf8 Kxf8
14.Bf1e2 a6
15.Nb5d4 Nf6e4
16.Nd4xc6 bxc6
17.Qb3b4 Kg8
18.c5 a5
19.Qb4a4 Bc8d7
20.Ra1c1 Qd8f6
21.Be2f3 Qf6xb2
22.O-O Ne4d2
23.Rf1d1 Nd2xf3
24.gxf3 Qb2f6
25.Qa4g4 Ra8a7
26.f4 e5
27.Qg4g5 Qf6xg5
28.fxg5 f6
29.gxf6 gxf6
30.Rc1b1 Kf7
31.Rb1b8 Bd7f5
32.Rd1d2 Ke6
33.f3 Ra7g7
34.Rd2g2 Rg7a7
35.Rb8b6 d4
36.e4 Bf5g6
37.Rb6xc6 Ke7
38.h4 Bg6e8
39.Rg2g7 Kd8
40.Rg7xa7 Be8xc6
41.Ra7xh7 d3
42.Kf2 f5
43.Rh7h6 Bc6b5
44.Ke3 f4
45.Kd2 Kc7
46.Rh6e6 Bb5c4
47.Re6xe5 Kc6
48.h5 Kb5
49.h6 { abandon }1-0

[Event "Tournoi n27456"]
[Site "www.echecsemail.com"]
[Date "2026.02.08"]
[Round "1"]
[White "Tiounet"]
[Black "Abelito"]
[WhiteElo "1620"]
[BlackElo "1530"]
[Result "0-1"]
1.a3 e5
2.b4 d5
3.Bc1b2 Bf8d6
4.Ng1f3 Bc8f5
5.Nf3xe5 Qd8f6
6.Ne5d3 Qf6h6
7.g3 Ng8e7
8.Bf1g2 Bf5e6
9.O-O Nb8d7
10.Nb1c3 Bd6e5
11.Nd3xe5 Nd7xe5
12.Nc3b5 Ne5g4
13.Nb5xc7 Kd7
14.Nc7xa8 Qh6xh2
0-1

[Event "BERNARD MAS"]
[Site "www.echecsemail.com"]
[Date "2026.02.08"]
[Round "1"]
[White "Woluwe1975"]
[Black "Petitlulu64"]
[WhiteElo "1660"]
[BlackElo "1710"]
[Result "1-0"]
1.e4 e5
2.Ng1f3 Nb8c6
3.d4 exd4
4.Bf1c4 Bf8b4
5.c3 dxc3
6.O-O cxb2
7.Bc1xb2 f6
8.Nf3g5 fxg5
9.Bb2xg7 d6
10.Qd1h5 Kd7
11.Bg7xh8 Nc6a5
12.Qh5f7 Ng8e7
13.Bc4e6 Kc6
14.Be6d5 Kb6
15.Bh8d4 c5
16.Bd4f6 Na5c6
17.a3 Bb4a5
18.Bd5xc6 bxc6
19.Bf6xe7 Qd8d7
20.Nb1c3 Ba5xc3
21.Ra1b1 Ka6
22.Rf1c1 Bc3a5
23.Qf7xh7 Bc8b7
24.Qh7g7 Ba5d8
25.Rc1c4 Ka5
26.Qg7c3 Ka6
27.Rc4a4 Bd8a5
28.Qc3xa5 1-0

[Event "Tournoi n27430"]
[Site "www.echecsemail.com"]
[Date "2026.02.08"]
[Round "1"]
[White "Leredoutable"]
[Black "Tiounet"]
[WhiteElo "1750"]
[BlackElo "1600"]
[Result "0-1"]
1.e4 a6
2.d4 b5
3.c4 bxc4
4.Bf1xc4 Bc8b7
5.Nb1c3 g6
6.Ng1f3 Bf8g7
7.O-O Ng8f6
8.Rf1e1 O-O
9.Qd1b3 Qd8c8
10.Nf3e5 e6
11.Bc1g5 Nb8c6
12.Bg5xf6 Nc6a5
13.Qb3b4 Bg7xf6
14.Qb4xa5 d6
15.Ne5f3 c5
16.dxc5 Qc8xc5
17.Bc4d3 Qc5xa5
18.Ra1c1 Bf6xc3
19.bxc3 Qa5xa2
20.c4 Rf8c8
21.Rc1a1 Qa2b3
22.Re1e3 Qb3c3
23.Ra1b1 Ra8b8
24.Bd3e2 Qc3c2
25.Be2d3 Qc2a4
26.Nf3d2 Qa4d7
27.Nd2b3 Qd7a4
28.f3 Qa4a2
29.Re3e1 d5
30.Re1e2 Qa2a4
31.c5 dxe4
32.fxe4 Bb7xe4
33.Bd3xe4 Qa4a3
34.Re2b2 Rc8xc5
35.Nb3xc5 Rb8xb2
36.Rb1c1 Rb2xg2
37.Kxg2 Qa3xc1
38.Nc5xa6 f5
39.Be4f3 Kf7
40.Kh3 Qc1f1
{ abandon }0-1

[Event "Halloween 2025 n1"]
[Site "www.echecsemail.com"]
[Date "2026.02.08"]
[Round "1"]
[White "Marmotte"]
[Black "Lancien57"]
[WhiteElo "1520"]
[BlackElo "1470"]
[Result "1-0"]
1.e4 e5
2.Ng1f3 d6
3.Bf1c4 Bf8e7
4.a3 h6
5.Nb1c3 Ng8f6
6.d3 Bc8d7
7.Bc1e3 Nb8c6
8.O-O a6
9.Bc4a2 Qd8c8
10.Qd1e1 O-O
11.Nc3e2 b6
12.Ne2g3 Bd7e6
13.Qe1c3 Qc8d7
14.Ng3f5 Be6xf5
15.exf5 a5
16.h3 Nf6h7
17.Ba2d5 Ra8c8
18.Bd5xc6 Qd7xf5
19.Bc6e4 Qf5f6
20.Be4xh7 Kxh7
21.Rf1e1 c5
22.Ra1b1 Rf8e8
23.Nf3d2 Qf6f5
24.Nd2e4 f6
25.Ne4g3 Qf5g6
26.Qc3c4 f5
27.Be3d2 Be7f6
28.a4 f4
29.Ng3e4 Re8d8
30.Ne4xf6 Qg6xf6
31.Qc4e4 Kh8
32.b3 Rd8e8
33.Qe4d5 Re8d8
34.c4 g6
35.Bd2c3 Kg7
36.Qd5b7 Kg8
37.Qb7xb6 Kf7
38.Qb6xa5 Rc8a8
39.Qa5c7 Ke6
40.Qc7c6 Ra8c8
41.Qc6d5 Ke7
42.b4 cxb4
43.Rb1xb4 Rc8c5
44.Rb4b7 Rd8d7
45.Rb7xd7 Kxd7
46.Qd5b7 Rc5c7
47.Qb7b5 Kc8
48.Qb5e8 Kb7
49.Re1b1 Ka7
50.Qe8b8 Ka6
51.Rb1b6 1-0

[Event "CHATURANGA"]
[Site "www.echecsemail.com"]
[Date "2026.02.08"]
[Round "1"]
[White "Woluwe1975"]
[Black "Legrillon"]
[WhiteElo "1640"]
[BlackElo "1780"]
[Result "1/2-1/2"]
1.e4 e5
2.Ng1f3 Ng8f6
3.Bf1c4 d6
4.d4 exd4
5.Qd1xd4 Nb8c6
6.Bc4b5 Bc8d7
7.Bb5xc6 bxc6
8.b3 c5
9.Qd4d3 h6
10.Bc1b2 Bf8e7
11.O-O O-O
12.Nb1d2 Bd7g4
13.c4 Bg4xf3
14.Nd2xf3 Nf6h7
15.g3 Be7f6
16.e5 dxe5
17.Qd3xd8 Rf8xd8
18.Rf1d1 e4
19.Bb2xf6 Nh7xf6
20.Nf3e5 Rd8d6
21.Rd1xd6 cxd6
22.Ne5c6 a5
23.a3 a4
24.b4 cxb4
25.axb4 d5
26.b5 Nf6d7
27.Nc6e7 Kh7
28.Ne7xd5 Nd7c5
29.Nd5b6 Ra8a5
30.Nb6d5 a3
31.Ra1a2 f5
32.Kf1 Ra5a4
33.Nd5b6 Ra4a7
34.Ke2 Nc5d3
35.Kd2 Nd3xf2
36.c5 Nf2g4
37.Kc3 e3
38.Kd3 Ra7a5
39.Nb6c4 Ra5xb5
40.Ra2xa3 Rb5xc5
41.Nc4xe3 Ng4xh2
42.Ra3a7 Nh2g4
43.Ne3g2 Rc5d5
44.Ke2 Rd5e5
45.Kf3 Re5c5
46.Ra7b7 Ng4h2
47.Kf4 Nh2f1
48.Ng2e3 Nf1xe3
49.Kxe3 Rc5c3
50.Kf2 Rc3c5
51.Kf3 Rc5c6
52.Kf4 Rc6f6
53.Rb7c7 Kg6
54.Rc7c1 Rf6e6
55.Rc1g1 Re6e4
56.Kf3 Re4g4
57.Kf2 Kg5
58.Kf3 h5
59.Rg1g2 g6
60.Rg2g1 h4
61.gxh4 Kxh4
62.Rg1h1 Kg5
63.Rh1h2 Kf6
64.Rh2e2 Rg4e4
65.Re2xe4 fxe4
66.Kxe4 g5
67.Ke3 Kf5
68.Kf3 g4
69.Kg3 Kg5
70.Kg2 Kh4
71.Kh2 g3
72.Kg2 Kg4
73.Kg1 Kh3
{ nul }1/2-1/2

[Event "Défi"]
[Site "www.echecsemail.com"]
[Date "2026.02.08"]
[Round "1"]
[White "Lancov"]
[Black "Tinenfant"]
[WhiteElo "1930"]
[BlackElo "1870"]
[Result "0-1"]
1.e4 e6
2.d4 d5
3.e5 c5
4.c3 Nb8c6
5.Ng1f3 Qd8b6
6.Bf1d3 Bc8d7
7.Bd3c2 cxd4
8.cxd4 Bf8b4
9.Nb1c3 Ra8c8
10.a3 Bb4e7
11.O-O f6
12.Nc3a4 Qb6c7
13.Rf1e1 fxe5
14.Na4c5 Be7xc5
15.dxc5 Ng8f6
16.b4 O-O
17.Nf3g5 h6
18.Ng5f3 e4
19.Nf3h4 Nc6e5
20.Kh1 Nf6g4
21.h3 Ng4xf2
{ abandon }0-1

[Event "Coupe Niveau 5"]
[Site "www.echecsemail.com"]
[Date "2026.02.08"]
[Round "1"]
[White "Zax"]
[Black "Marcat"]
[WhiteElo "2280"]
[BlackElo "2170"]
[Result "1-0"]
1.e4 e5
2.Ng1f3 Ng8f6
3.Nf3xe5 d6
4.Ne5f3 Nf6xe4
5.Nb1c3 Ne4xc3
6.dxc3 Bf8e7
7.Bc1e3 O-O
8.Qd1d2 Nb8d7
9.O-O-O b6
10.h4 { abandon }1-0

[Event "Tournoi n27399"]
[Site "www.echecsemail.com"]
[Date "2026.02.08"]
[Round "1"]
[White "Chevalice"]
[Black "Legrillon"]
[WhiteElo "1680"]
[BlackElo "1750"]
[Result "1-0"]
1.c4 e5
2.Nb1c3 Nb8c6
3.e4 Ng8f6
4.d3 Bf8b4
5.Bc1d2 Bb4xc3
6.Bd2xc3 d6
7.Ng1f3 Bc8g4
8.Bf1e2 h6
9.Nf3h4 Bg4xe2
10.Qd1xe2 O-O
11.Ra1d1 b6
12.Nh4f3 a5
13.a3 Nc6e7
14.d4 exd4
15.Nf3xd4 c5
16.Nd4b5 Qd8b8
17.Nb5xd6 Nf6e8
18.Qe2g4 Ne7g6
19.Nd6xe8 Rf8xe8
20.O-O Qb8f4
21.Qg4xf4 Ng6xf4
22.Rf1e1 Re8e6
23.e5 Ra8e8
24.h3 f6
25.exf6 Re6xe1
26.Rd1xe1 Re8xe1
27.Bc3xe1 gxf6
28.Kf1 Kg7
29.Be1c3 Kg6
30.f3 f5
31.Kf2 h5
32.h4 Kf7
33.g3 Nf4e6
34.Ke3 Ke7
35.f4 Kd6
36.Bc3e5 Kc6
37.a4 Ne6f8
38.Kf3 Nf8d7
39.Be5c3 Nd7b8
40.Ke3 { abandon }1-0

[Event "020226"]
[Site "www.echecsemail.com"]
[Date "2026.02.08"]
[Round "1"]
[White "Mindthegap"]
[Black "4x4"]
[WhiteElo "1440"]
[BlackElo "1430"]
[Result "1-0"]
1.Ng1f3 e6
2.g3 Nb8c6
3.Bf1g2 Ng8f6
4.Nb1c3 d5
5.d4 Nf6e4
6.Nc3xe4 dxe4
7.Nf3e5 Nc6xd4
8.Bg2xe4 f6
9.Ne5d3 e5
10.e3 Nd4e6
11.Qd1h5 g6
12.Be4xg6 Kd7
13.O-O Bf8g7
14.Rf1d1 hxg6
15.Qh5f3 c6
16.Qf3g4 Kc7
17.Qg4xg6 Qd8e7
18.Nd3b4 Rh8h6
19.Qg6d3 Ne6c5
20.Qd3c3 Bc8g4
21.Rd1d2 Nc5e4
22.Nb4d5 Kd6
23.Nd5xe7 Kxe7
24.Qc3b4 Ne4d6
25.Qb4xg4 Ra8g8
26.b3 Kf7
27.Qg4d7 Kg6
28.Rd2xd6 Rh6h7
29.e4 Bg7f8
30.Qd7f5 Kg7
31.Qf5xf6 1-0

[Event "Défi"]
[Site "www.echecsemail.com"]
[Date "2026.02.08"]
[Round "1"]
[White "Vvvv"]
[Black "Gilberthellemans"]
[WhiteElo "1680"]
[BlackElo "1570"]
[Result "1-0"]
1.d4 d5
2.Ng1f3 Ng8f6
3.Nb1c3 c6
4.h3 Bc8f5
5.Nf3h4 Bf5d7
6.Qd1d3 e6
7.Nh4f3 Bf8b4
8.Nf3e5 Nf6e4
9.Ne5xd7 Nb8xd7
10.a3 Bb4xc3
11.bxc3 Nd7f6
12.g4 Ne4d6
13.Bc1g5 Nd6e4
14.Bg5h4 Qd8a5
15.Bh4xf6 Ne4xf6
16.f3 Qa5b6
17.Bf1g2 h6
18.O-O Qb6c7
19.Ra1b1 Qc7g3
20.Rb1xb7 O-O
21.Kh1 a5
22.e4 dxe4
23.fxe4 Nf6h7
24.Qd3xg3 { abandon }1-0

[Event "Défi( 10J+24H/c 10J Max )"]
[Site "www.echecsemail.com"]
[Date "2026.02.08"]
[Round "1"]
[White "Lisette"]
[Black "Sam"]
[WhiteElo "1579"]
[BlackElo "1660"]
[Result "0-1"]
1.e4 e5
2.Ng1f3 Nb8c6
3.Bf1c4 Ng8f6
4.d3 Bf8c5
5.O-O O-O
6.Bc1g5 d6
7.Nb1c3 Bc8g4
8.Nc3d5 Nc6d4
9.Nd5xf6 gxf6
10.Bg5h6 Nd4xf3
11.gxf3 Bg4h3
12.Bh6xf8 Qd8xf8
13.Rf1e1 Qf8g7
14.Kh1 Qg7g2
0-1

[Event "Défi"]
[Site "www.echecsemail.com"]
[Date "2026.02.08"]
[Round "1"]
[White "Calcedoine"]
[Black "Chomi64"]
[WhiteElo "1830"]
[BlackElo "1830"]
[Result "1-0"]
1.c3 e5
2.e4 Ng8f6
3.Qd1c2 Nb8c6
4.Ng1f3 Bf8c5
5.b4 Bc5b6
6.Bf1c4 h6
7.h3 d6
8.a4 a6
9.d3 Bc8e6
10.Bc4xe6 fxe6
11.a5 Bb6a7
12.Nf3h4 Rh8g8
13.Qc2e2 g5
14.Nh4f3 Qd8e7
15.Nb1d2 Kd7
16.Nd2c4 Qe7f7
17.Qe2b2 Ke7
18.Bc1e3 Ba7xe3
19.Nc4xe3 Ra8d8
20.b5 Nc6a7
21.b6 Na7b5
22.bxc7 Rd8c8
23.Qb2b4 Rc8xc7
24.Nf3xe5 Qf7e8
25.c4 Nb5d4
26.Ne5g4 Nf6h5
27.e5 Nh5f4
28.O-O Qe8c6
29.Ra1d1 h5
30.Ng4f6 Rg8g7
31.Nf6e4 Rc7d7
32.f3 Nd4f5
33.Ne3xf5 exf5
34.exd6 Kf8
35.Ne4g3 Rg7f7
36.c5 Nf4d5
37.Qb4d4 Kg8
38.Rd1e1 h4
39.Re1e8 Rf7f8
40.Re8xf8 Kxf8
41.Ng3xf5 Rd7h7
42.Rf1e1 Kf7
43.d7 { abandon }1-0

[Event "Défi( 10J+24H/c 10J Max )"]
[Site "www.echecsemail.com"]
[Date "2026.02.08"]
[Round "1"]
[White "Gonzok67"]
[Black "Chesslife"]
[WhiteElo "1850"]
[BlackElo "1680"]
[Result "1-0"]
1.e4 c5
2.c3 e6
3.d4 d5
4.e5 Nb8c6
5.Ng1f3 cxd4
6.cxd4 Bf8b4
7.Nb1c3 Ng8e7
8.Bf1d3 Ne7g6
9.O-O O-O
10.Bc1g5 Bb4e7
11.Bg5xe7 Nc6xe7
12.Nc3b5 Bc8d7
13.Nb5d6 Ne7f5
14.Bd3xf5 exf5
15.Qd1d3 Bd7e6
16.b3 Ng6f4
17.Qd3b5 a6
18.Qb5xb7 Nf4e2
19.Kh1 Ne2c3
20.Qb7b4 Nc3e4
21.Ra1c1 Ra8b8
22.Qb4a3 Qd8b6
23.Rc1c2 Ne4xd6
24.exd6 Rf8d8
25.Rf1c1 Qb6xd6
26.Rc2c5 h6
27.Qa3a5 Rb8a8
28.Rc5c6 Qd6f8
29.Rc6c7 Rd8c8
30.Rc7xc8 Be6xc8
31.Nf3e5 Bc8e6
32.h3 Qf8d8
33.Qa5xd8 Ra8xd8
34.Rc1c7 Rd8c8
35.Rc7a7 Rc8c1
36.Kh2 Rc1c2
37.Ra7xa6 Rc2xf2
38.Ra6a8 Kh7
39.a4 Rf2b2
40.Ra8b8 Rb2d2
41.Ne5f3 Rd2d3
42.b4 Rd3a3
43.a5 Ra3a4
44.Nf3e5 f6
45.Ne5c6 Kg6
46.b5 Be6d7
47.Rb8a8 Kf7
48.a6 Bd7xc6
49.bxc6 Ke6
50.c7 Ra4c4
51.Ra8e8 Kd7
52.a7 Kxe8
53.a8Q Kd7
54.Qa8d8 Ke6
55.c8Q Rc4xc8
56.Qd8xc8 Kd6
57.Kg3 g6
58.Kf3 h5
59.Qc8c5 Ke6
60.Qc5c6 Ke7
61.Qc6xd5 g5
62.Qd5xf5 Kf7
63.d5 Kg7
64.d6 g4
65.hxg4 hxg4
66.Qf5xg4 Kf7
67.d7 Ke7
68.Qg4g7 Kd8
69.Kf4 f5
70.Kxf5 Kc7
71.Qg7e7 { abandon }1-0

[Event "Tournoi Hivernal"]
[Site "www.echecsemail.com"]
[Date "2026.02.08"]
[Round "1"]
[White "4x4"]
[Black "Qsdmlk"]
[WhiteElo "1430"]
[BlackElo "1470"]
[Result "0-1"]
1.d4 d5
2.e3 Ng8f6
3.Ng1f3 Bc8g4
4.Bf1e2 e6
5.Nb1c3 Bf8b4
6.a3 Bb4a5
7.b4 Ba5b6
8.Bc1b2 O-O
9.Qd1d2 Nb8d7
10.Nc3a4 a5
11.O-O-O axb4
12.Na4xb6 cxb6
13.h3 Bg4h5
14.g4 bxa3
15.Bb2a1 Bh5g6
16.Nf3h4 Nf6e4
17.Qd2e1 Qd8c7
18.Be2d3 b5
19.Bd3xe4 Bg6xe4
20.f3 Qc7xc2
0-1

[Event "Défi"]
[Site "www.echecsemail.com"]
[Date "2026.02.08"]
[Round "1"]
[White "Regor"]
[Black "Chomi64"]
[WhiteElo "1960"]
[BlackElo "1900"]
[Result "1-0"]
1.d4 e5
2.d5 d6
3.c4 h6
4.e4 Ng8f6
5.Bf1d3 a6
6.Ng1e2 Nb8d7
7.b4 Bf8e7
8.O-O O-O
9.Ne2g3 Rf8e8
10.f4 b6
11.Nb1d2 Bc8b7
12.Bc1b2 Be7f8
13.fxe5 Nd7xe5
14.Bd3e2 Ne5g4
15.Be2xg4 Nf6xg4
16.Qd1xg4 Qd8g5
17.Qg4xg5 hxg5
18.Rf1f2 Bb7c8
19.Ra1f1 f6
20.Nd2b3 a5
21.bxa5 bxa5
22.Nb3d4 Bc8a6
23.Rf1c1 Ra8b8
24.Nd4c6 Rb8xb2
25.Rf2xb2 Kf7
26.Nc6xa5 { abandon }1-0

[Event "Défi( 10J+24H/c 10J Max )"]
[Site "www.echecsemail.com"]
[Date "2026.02.08"]
[Round "1"]
[White "Cavalierfou"]
[Black "Tunnellavage"]
[WhiteElo "1780"]
[BlackElo "1720"]
[Result "0-1"]
1.e4 e5
2.Ng1f3 Nb8c6
3.c3 d5
4.exd5 Qd8xd5
5.h3 Ng8f6
6.Qd1a4 Bc8d7
7.Qa4c4 Qd5d6
8.d4 exd4
9.cxd4 O-O-O
10.Bc1e3 Bd7e6
11.Qc4a4 Nf6d5
12.Bf1b5 Be6d7
13.O-O Nd5b6
14.Qa4b3 Bd7e6
15.Qb3d3 Nc6e7
16.Nb1c3 c6
17.Bb5a4 g6
18.Ba4c2 Bf8g7
19.Nc3e4 Qd6d7
20.Rf1d1 Ne7d5
21.b3 Nd5b4
22.Qd3d2 Nb6d5
23.a3 Nd5xe3
24.fxe3 Nb4xc2
25.Qd2xc2 Be6f5
26.Rd1d2 Kb8
27.Ra1d1 Qd7d5
28.Ne4c3 Bf5xc2
29.Nc3xd5 Bc2xd1
30.Nd5f4 Bd1xb3
31.Nf4e2 Bb3d5
32.Nf3e1 Rh8e8
33.Kf2 Re8e7
34.Rd2b2 Rd8e8
35.Ne1c2 Bd5e4
36.Nc2a1 Be4d3
37.Rb2b3 Re7xe3
38.Ne2f4 Bd3f5
39.Rb3xe3 Bg7xd4
40.Na1c2 Bf5xc2
{ abandon }0-1

[Event "Tournoi n27372"]
[Site "www.echecsemail.com"]
[Date "2026.02.08"]
[Round "1"]
[White "Verson"]
[Black "Estrafolis"]
[WhiteElo "1800"]
[BlackElo "1640"]
[Result "1/2-1/2"]
1.d4 g6
2.Ng1f3 Bf8g7
3.Bc1f4 Nb8c6
4.e3 d5
5.c4 e6
6.Nb1c3 Ng8f6
7.a3 Nf6e4
8.Nc3xe4 dxe4
9.Nf3d2 e5
10.dxe5 Nc6xe5
11.Nd2xe4 Qd8xd1
12.Ra1xd1 O-O
13.Bf1e2 Bc8f5
14.Ne4g3 Bf5c2
15.Rd1d2 Bc2b3
16.O-O Ne5xc4
17.Be2xc4 Bb3xc4
18.Rf1c1 Bc4e6
19.Rc1xc7 Ra8c8
20.b4 Rc8xc7
21.Bf4xc7 Rf8c8
22.Rd2d8 Rc8xd8
23.Bc7xd8 Bg7b2
24.a4 a6
25.Ng3e4 Kf8
26.Ne4c5 Be6c8
27.Bd8b6 Ke7
28.Nc5d3 Bb2c3
29.Bb6c5 Ke6
30.Kf1 Bc8d7
31.Ke2 Bd7xa4
32.f3 Ba4b5
33.e4 f5
34.Ke3 Bb5xd3
35.Kxd3 Bc3e5
36.exf5 gxf5
37.g3 h5
38.Bc5f2 Kd5
39.h3 b5
40.g4 hxg4
41.hxg4 fxg4
42.fxg4 Be5d6
43.Bf2d4 Bd6xb4
44.g5 Bb4f8
45.g6 a5
46.g7 Bf8xg7
47.Bd4xg7 { nul }1/2-1/2

[Event "Défi"]
[Site "www.echecsemail.com"]
[Date "2026.02.08"]
[Round "1"]
[White "Carabas"]
[Black "Chomi64"]
[WhiteElo "1910"]
[BlackElo "1860"]
[Result "1/2-1/2"]
1.e4 c5
2.Ng1f3 Nb8c6
3.d4 e6
4.d5 exd5
5.exd5 Nc6e7
6.c4 d6
7.Bf1e2 h6
8.O-O g6
9.Nb1c3 Bf8g7
10.Nc3e4 Ne7f5
11.Ra1b1 a5
12.a4 Ng8f6
13.Ne4xf6 Bg7xf6
14.Be2d3 O-O
15.b3 Kg7
16.Bc1b2 Bf6xb2
17.Rb1xb2 Qd8f6
18.Rb2e2 Bc8d7
19.Qd1c2 Nf5d4
20.Nf3xd4 Qf6xd4
21.Re2e4 Qd4f6
22.Qc2d2 Rf8e8
23.Re4f4 Qf6e5
24.Rf4e4 Qe5g5
25.Qd2xg5 hxg5
26.Rf1e1 Re8xe4
27.Re1xe4 Ra8e8
28.Re4xe8 Bd7xe8
29.f3 Kf6
30.Kf2 Ke5
31.Ke3 f5
32.h3 f4
33.Kd2 Kd4
34.Bd3c2 b6
35.Bc2d3 Be8f7
{ nul }1/2-1/2

[Event "Tournoi n27380"]
[Site "www.echecsemail.com"]
[Date "2026.02.08"]
[Round "1"]
[White "Onetwoyve"]
[Black "Willkommen54"]
[WhiteElo "1910"]
[BlackElo "2030"]
[Result "1/2-1/2"]
1.e4 c5
2.Ng1f3 d6
3.Bf1c4 e6
4.a4 Ng8f6
5.Nb1c3 Bf8e7
6.O-O O-O
7.d3 Nb8c6
8.Bc1g5 a6
9.Rf1e1 Qd8c7
10.Qd1d2 b6
11.h3 Bc8b7
12.Re1e3 Nc6d4
13.Nc3e2 Nd4c6
14.Ne2c3 Nf6d7
15.Ra1e1 Qc7d8
16.Bg5xe7 Qd8xe7
17.d4 cxd4
18.Nf3xd4 Nd7e5
19.Bc4f1 Ne5g6
20.Nc3d5 Qe7d8
21.Nd5b4 Nc6xd4
22.Qd2xd4 Qd8c7
23.Re1d1 a5
24.Nb4a2 d5
25.exd5 Bb7xd5
26.Na2c3 Rf8d8
27.Qd4g4 Qc7f4
28.Nc3xd5 Qf4xg4
29.hxg4 Rd8xd5
30.Rd1xd5 exd5
31.Re3b3 Ra8b8
32.g3 Ng6e5
33.Bf1e2 Ne5c6
34.Kf1 Nc6d4
35.Rb3c3 Nd4xe2
36.Kxe2 Kf8
37.Rc3d3 Rb8c8
38.c3 Rc8c4
39.b3 Rc4c5
40.b4 axb4
41.cxb4 Rc5c4
42.Rd3xd5 Rc4xb4
43.g5 g6
44.Rd5d8 Kg7
45.Rd8d6 Rb4xa4
46.Rd6xb6 Ra4a5
47.f4 Ra5a3
48.Kf2 h6
49.gxh6 Kxh6
50.Rb6f6 Kg7
51.Rf6d6 Ra3b3
{ nul }1/2-1/2

[Event "Tournoi n27434"]
[Site "www.echecsemail.com"]
[Date "2026.02.08"]
[Round "1"]
[White "Mokanne"]
[Black "Katastrofic"]
[WhiteElo "1440"]
[BlackElo "1470"]
[Result "1-0"]
1.e4 c5
2.Bf1c4 e6
3.Qd1f3 a6
4.Ng1h3 Bf8e7
5.O-O d6
6.d3 Ng8f6
7.Bc1g5 h6
8.Bg5e3 O-O
9.Nb1c3 Ra8a7
10.Qf3e2 b5
11.Bc4b3 e5
12.g4 Nf6h7
13.f3 Nh7g5
14.Kg2 Bc8e6
15.Bb3xe6 Ng5xe6
16.Nc3d5 Ne6g5
17.Be3d2 Ng5xh3
18.Kxh3 Be7g5
19.Kg2 Nb8d7
20.a3 Bg5xd2
21.Qe2xd2 Nd7f6
22.Nd5e3 d5
23.Rf1e1 d4
24.Ne3f5 Nf6h7
25.Kg3 Qd8f6
26.h4 Qf6g6
27.b4 Nh7f6
28.bxc5 Nf6h5
29.Kh3 Nh5f4
30.Kg3 Qg6h7
31.h5 g5
32.hxg6 fxg6
33.Nf5h4 g5
34.Nh4f5 Rf8f6
35.Re1h1 Ra7f7
36.Rh1h2 Rf6xf5
37.gxf5 Rf7f6
38.Ra1h1 Kg7
39.Qd2b4 h5
40.Kf2 Rf6h6
41.c6 h4
42.Qb4c5 Rh6f6
43.c7 Rf6f8
44.Qc5xe5 Kg8
45.Qe5c5 h3
46.Qc5xf8 Kxf8
47.c8Q Kg7
48.Qc8d7 Kh8
49.Qd7xh7 Kxh7
50.e5 Kg7
51.Rh2xh3 { abandon }1-0

[Event "Coupe Niveau 2"]
[Site "www.echecsemail.com"]
[Date "2026.02.08"]
[Round "1"]
[White "Jlr"]
[Black "Patau"]
[WhiteElo "1410"]
[BlackElo "1700"]
[Result "1-0"]
1.e4 e5
2.Ng1f3 Ng8f6
3.Bf1c4 Nf6xe4
4.Qd1e2 d5
5.Bc4b5 c6
6.Nf3xe5 cxb5
7.Qe2xb5 Bc8d7
8.Qb5xb7 Qd8e7
9.Qb7xa8 Qe7xe5
10.d4 Qe5xd4
11.Qa8xb8 Ke7
12.O-O Kf6
13.Qb8d8 Kg6
14.c3 Qd4d3
15.Qd8xd7 Bf8c5
16.Qd7g4 Kf6
17.Qg4f4 Kg6
18.Qf4g4 Kf6
19.Qg4f4 Ke6
20.Qf4g4 f5
21.Qg4xg7 Rh8f8
22.Qg7h6 Rf8f6
23.Qh6xh7 Ne4xf2
24.Rf1e1 Nf2e4
25.Kh1 Kd6
26.Bc1f4 Kc6
27.Qh7c7 Kb5
28.Qc7b7 Rf6b6
29.Qb7d7 Ka6
30.Qd7c8 Rb6b7
31.Qc8c6 Rb7b6
32.Qc6c8 Kb5
33.Qc8d7 Ka6
34.Qd7c8 Rb6b7
35.b4 Bc5b6
36.b5 Kxb5
37.Nb1a3 Ka6
38.Re1e3 Bb6xe3
39.Qc8c6 Rb7b6
40.Qc6a4 Kb7
41.Qa4d7 Ka6
42.Qd7a4 Kb7
43.Qa4d7 Ka6
44.Qd7c8 Rb6b7
45.Qc8c6 Rb7b6
46.Qc6a4 { abandon }1-0

[Event "Défi( 10J+24H/c 10J Max )"]
[Site "www.echecsemail.com"]
[Date "2026.02.08"]
[Round "1"]
[White "Sam"]
[Black "Sylvia13"]
[WhiteElo "1660"]
[BlackElo "1600"]
[Result "0-1"]
1.e4 e5
2.Ng1f3 d6
3.Nb1c3 Nb8c6
4.Bf1b5 f5
5.d3 f4
6.O-O Ng8f6
7.Bc1d2 Bc8d7
8.a3 a6
9.Bb5xc6 Bd7xc6
10.b4 Bf8e7
11.Nc3e2 Qd8d7
12.c4 b5
13.Bd2c3 Nf6h5
14.cxb5 axb5
15.d4 Bc6xe4
16.dxe5 Be4xf3
17.gxf3 Qd7h3
18.Qd1d3 O-O
19.exd6 Be7xd6
20.Qd3d5 Kh8
21.Kh1 Ra8e8
22.Ra1e1 Re8xe2
23.Re1xe2 Qh3xf1
0-1

[Event "Tournoi n27353"]
[Site "www.echecsemail.com"]
[Date "2026.02.08"]
[Round "1"]
[White "Aramis"]
[Black "Lancien57"]
[WhiteElo "1550"]
[BlackElo "1460"]
[Result "0-1"]
1.d4 d5
2.Ng1f3 e6
3.e3 Bf8e7
4.Bf1e2 Ng8f6
5.Nf3e5 Bc8d7
6.O-O Nb8c6
7.Be2b5 a6
8.Bb5xc6 Bd7xc6
9.Ne5xc6 bxc6
10.a3 O-O
11.c3 c5
12.dxc5 Be7xc5
13.b4 Bc5e7
14.Bc1b2 c5
15.bxc5 a5
16.a4 Be7xc5
17.Bb2a3 Bc5xa3
18.Nb1xa3 e5
19.Na3b5 Qd8b6
20.Ra1b1 Rf8d8
21.Qd1e2 Nf6e4
22.f3 Ne4d6
23.Nb5xd6 Qb6xd6
24.Rf1d1 Qd6c5
25.h3 Qc5xc3
26.Kh1 d4
27.e4 d3
28.Qe2e3 Ra8c8
29.Rd1d2 Qc3d4
30.Qe3xd4 Rd8xd4
31.Rb1d1 Rc8c3
32.g4 f6
33.h4 h6
34.Kg1 Rd4xa4
35.Kf2 Rc3c2
36.Ke3 Ra4a3
37.Rd2xd3 Ra3xd3
38.Kxd3 Rc2a2
39.h5 a4
40.Rd1c1 Ra2a3
41.Rc1c3 Ra3a1
42.Rc3c8 Kh7
43.Rc8a8 a3
44.Ra8a7 a2
45.Ke2 Kg8
46.Ra7a4 Kh7
47.Kf2 Ra1h1
48.Kg2 Rh1a1
49.Kg3 Ra1g1
50.Kf2 a1Q
51.Ra4xa1 Rg1xa1
52.Kg3 Ra1a3
53.Kg2 g6
54.hxg6 Kxg6
55.Kg3 Kg5
56.Kf2 h5
57.Kg2 hxg4
58.fxg4 Ra3e3
59.Kf2 Re3xe4
60.Kf3 Re4xg4
61.Ke3 Rg4d4
62.Kf3 f5
63.Ke3 Kg4
64.Ke2 Kg3
65.Ke3 f4
66.Ke2 Kg2
67.Ke1 Rd4a4
68.Ke2 f3
69.Ke3 f2
70.Kd2 f1Q
71.Kc3 Qf1c4
72.Kd2 Ra4a2
73.Ke1 Qc4c1
0-1

[Event "Tournoi n27436"]
[Site "www.echecsemail.com"]
[Date "2026.02.08"]
[Round "1"]
[White "Geantvert"]
[Black "Nicadria22"]
[WhiteElo "1870"]
[BlackElo "1900"]
[Result "1-0"]
1.c4 c5
2.Nb1c3 Ng8f6
3.g3 d5
4.cxd5 Nf6xd5
5.Bf1g2 Nd5c7
6.b3 e5
7.Bc1b2 Nb8c6
8.d3 Bf8e7
9.Ng1f3 O-O
10.O-O f5
11.Nf3d2 Qd8d6
12.Ra1c1 Bc8e6
13.Nd2c4 Qd6d7
14.Bg2xc6 Qd7xc6
15.Nc4xe5 Qc6d6
16.Ne5c4 Qd6d8
17.Nc4e3 f4
18.gxf4 Rf8xf4
19.Nc3e4 Be6h3
20.Ne3g2 Rf4g4
21.Ne4g3 Nc7e6
22.e3 Be7f6
23.Bb2xf6 Qd8xf6
24.f3 Rg4g6
25.Rf1f2 Ra8f8
26.f4 Rg6h6
27.Ng3e4 Qf6f5
28.Qd1f3 Bh3g4
29.Ne4g3 Bg4xf3
30.Ng3xf5 Rh6h3
31.Nf5g3 Bf3c6
32.f5 Ne6g5
33.Rc1xc5 Rh3h6
34.e4 Rh6d6
35.Ng2f4 b6
36.Rc5c3 Rf8e8
37.Rf2c2 Re8c8
38.Kg2 Kf7
39.h4 Ng5xe4
40.dxe4 { abandon }1-0

[Event "Défi( 10J+24H/c 10J Max )"]
[Site "www.echecsemail.com"]
[Date "2026.02.08"]
[Round "1"]
[White "Tunnellavage"]
[Black "Snarf"]
[WhiteElo "1720"]
[BlackElo "1760"]
[Result "1-0"]
1.e4 e5
2.Ng1f3 Nb8c6
3.g3 Ng8f6
4.Nb1c3 a6
5.Bf1g2 Bf8b4
6.d3 O-O
7.O-O d6
8.Bc1g5 Bc8g4
9.Nc3d5 Nf6xd5
10.exd5 Nc6e7
11.c3 Bb4a5
12.b4 Ba5b6
13.h3 Bg4h5
14.g4 Bh5g6
15.Nf3h4 h6
16.Bg5e3 Ra8b8
17.Kh2 Ne7xd5
18.Nh4xg6 Nd5xc3
19.Qd1b3 Nc3b5
20.Ng6xf8 Qd8xf8
21.Bg2d5 Bb6a7
22.f4 Ba7xe3
23.fxe5 dxe5
24.Rf1xf7 { abandon }1-0

[Event "CHATURANGA"]
[Site "www.echecsemail.com"]
[Date "2026.02.08"]
[Round "1"]
[White "Woluwe1975"]
[Black "Leredoutable"]
[WhiteElo "1640"]
[BlackElo "1750"]
[Result "0-1"]
1.e4 e5
2.Ng1f3 Ng8f6
3.Bf1c4 d6
4.Nb1c3 Bf8e7
5.d3 O-O
6.h3 Bc8e6
7.Nc3d5 Be6xd5
8.exd5 Nb8d7
9.O-O a6
10.a3 Nd7c5
11.b4 Nc5a4
12.Bc4b3 Na4b6
13.c4 Nb6d7
14.Bc1b2 c6
15.Nf3d2 Rf8e8
16.Nd2e4 Ra8b8
17.f4 Nf6xe4
18.dxe4 Be7h4
19.f5 Qd8g5
20.Bb2c1 Qg5e7
21.Qd1g4 Bh4f6
22.g3 Nd7f8
23.h4 Kh8
24.Kg2 Nf8d7
25.h5 Re8g8
26.Qg4h3 Bf6g5
27.Bc1b2 Nd7f6
28.g4 Nf6xe4
29.Bb2c1 Rb8e8
30.Ra1a2 Bg5xc1
31.Rf1xc1 Qe7g5
32.Rc1e1 Ne4f6
33.Bb3c2 Qg5d2
34.Kf1 Qd2f4
35.Kg1 Qf4xc4
36.Ra2a1 Nf6xg4
37.Bc2e4 Ng4f6
38.Be4d3 Qc4xd5
39.Ra1d1 Qd5d4
40.Kh1 d5
41.Bd3xa6 Qd4g4
42.Qh3xg4 Nf6xg4
43.Re1f1 bxa6
44.Rd1c1 Re8c8
45.Rc1c5 d4
46.a4 Rg8d8
47.b5 axb5
48.a5 Rd8d7
49.a6 e4
50.Rf1f4 Ng4f6
51.h6 gxh6
52.Rf4f1 d3
53.Rc5c1 e3
{ abandon }0-1

[Event "Défi"]
[Site "www.echecsemail.com"]
[Date "2026.02.08"]
[Round "1"]
[White "Lancov"]
[Black "Chomi64"]
[WhiteElo "1920"]
[BlackElo "1890"]
[Result "1-0"]
1.e4 c5
2.c3 d6
3.d4 cxd4
4.cxd4 g6
5.Ng1f3 Bf8g7
6.Nb1c3 a6
7.Bc1e3 Nb8c6
8.Qd1d2 Ng8f6
9.a3 O-O
10.Bf1d3 Nf6g4
11.Be3f4 e5
12.Bf4g5 f6
13.Bg5h4 Nc6xd4
14.Nf3xd4 exd4
15.Nc3d5 Ng4e5
16.Bd3e2 Ne5c6
17.O-O Bc8e6
18.f4 Be6xd5
19.exd5 Qd8a5
20.b4 Qa5b6
21.Bh4f2 f5
22.dxc6 bxc6
23.Ra1d1 c5
24.bxc5 dxc5
25.Rd1b1 Qb6d6
26.Rb1b7 Rf8b8
27.Qd2a2 Kh8
28.Qa2f7 Rb8xb7
29.Qf7xb7 Qd6b8
30.Qb7c6 Qb8c8
31.Qc6d5 Ra8a7
32.Be2c4 a5
33.h3 { abandon }1-0